Normal view
MARC view
- Edited By: Torben M. Andersen
Entry Personal Name
001 - CONTROL NUMBER
- control field: 35718
003 - CONTROL NUMBER IDENTIFIER
- control field: NUST
005 - DATE AND TIME OF LATEST TRANSACTION
- control field: 20210219115020.0
008 - FIXED-LENGTH DATA ELEMENTS
- fixed length control field: 210219|| aca||aabn | a|a d
040 ## - CATALOGING SOURCE
- Original cataloging agency: NUST
- Transcribing agency: NUST
100 ## - HEADING--PERSONAL NAME
- Personal name: Edited By: Torben M. Andersen
670 ## - SOURCE DATA FOUND
- Source citation: Work cat.: (NUST)346484: Edited By: Torben M. Andersen, Financial Liberalization and Macroeconomic Stability , 1997.
